| 000 | 00654nam a22002051i 4500 | ||
|---|---|---|---|
| 001 | 21766 | ||
| 090 | _a21766 | ||
| 010 | _a9789727114740 | ||
| 100 | _a20170304u u u0frey50 ba | ||
| 101 | 0 | _apor | |
| 200 | 1 |
_fOsho _aAmor, liberdade e solidão _euma nova visão dos relacionamentos |
|
| 215 |
_a223, [1] p. _d23 cm |
||
| 300 | _aExemplar nÇ 0031594 oferta de Jorge Araújo | ||
| 702 | 1 |
_aPais _bAlexandre _4730 |
|
| 700 | 1 |
_aOsho _4070 _f1931-1990 |
|
| 210 |
_cPergaminho _d2002 |
||
| 225 | 2 | _aPalavras de Osho | |
| 410 | 0 | _tPalavras de Osho | |
| 996 |
_f0031594 _kOSH _m00000000 _n00000000 _aBMVA _b1 _vViana do Alentejo _xPsicologia _y25 _eLivro _10 _31 |
||
| 990 | _cLIVROS | ||